LIBRARY ONLINE CATALOGUE

A Handbook of Brief Cognitive Behaviour Theraphy/ (Record no. 19442)

MARC details
000 -LEADER
fixed length control field 00502nam a22001457a 4500
008 - FIXED-LENGTH DATA ELEMENTS--GENERAL INFORMATION
fixed length control field 220822b |||||||| |||| 00| 0 eng d
020 ## - INTERNATIONAL STANDARD BOOK NUMBER
International Standard Book Number 0470021322
050 ## - LIBRARY OF CONGRESS CALL NUMBER
Classification number RC489
Item number .H35 2004 c.1
245 ## - TITLE STATEMENT
Title A Handbook of Brief Cognitive Behaviour Theraphy/
Statement of responsibility, etc. Edited by Frank W. Bond & Windy Dryden
260 ## - PUBLICATION, DISTRIBUTION, ETC. (IMPRINT)
Place of publication, distribution, etc. Chichester
Name of publisher, distributor, etc. John Wiley & Sons
Date of publication, distribution, etc. 2004
300 ## - PHYSICAL DESCRIPTION
Extent xii, 318p.
650 ## - SUBJECT ADDED ENTRY--TOPICAL TERM
Topical term or geographic name as entry element Cognitive theraphy
Form subdivision Handbooks, manuals etc
650 ## - SUBJECT ADDED ENTRY--TOPICAL TERM
Topical term or geographic name as entry element Brief Psychoterapy
Form subdivision Handbooks, manuals etc
942 ## - ADDED ENTRY ELEMENTS (KOHA)
Source of classification or shelving scheme Library of Congress Classification
Koha item type General Collection
Holdings
Withdrawn status Lost status Source of classification or shelving scheme Not for loan Home library Current library Date acquired Cost, normal purchase price Inventory number Total Checkouts Full call number Barcode Date last seen Copy number Price effective from Koha item type
    Library of Congress Classification   Kabarak, Main Campus Kabarak, Main Campus 22/08/2022 5963.00 0972/2022   RC489 .H35 2004 c.1 032545 22/08/2022 c.1 22/08/2022 General Collection